Journal of the fictive life.

Bibliographic Details
Main Author: Nemerov, Howard
Format: Book
Language:English
Published: New Brunswick, N.J. : Rutgers University Press, [1965]

MARC

Tag First Indicator Second Indicator Subfields
LEADER 00000cam a2200000 4500
001 in00000034556
005 20151007061941.0
008 720421s1965 nju 00001 eng u
010 |a  65023237  
035 |a (OCoLC)00291021 
035 |9 AAD3563AM 
040 |c WSU  |d TXA  |d UtOrBLW 
049 |a TXAM  |c [461050] 
050 0 |a PS3527.E5  |b J6 
092 |a 818  |b N433j 
100 1 |a Nemerov, Howard. 
245 1 0 |a Journal of the fictive life. 
264 1 |a New Brunswick, N.J. :  |b Rutgers University Press,  |c [1965] 
300 |a 189 pages ;  |c 22 cm. 
336 |a text  |b txt  |2 rdacontent 
337 |a unmediated  |b n  |2 rdamedia 
338 |a volume  |b nc  |2 rdacarrier 
999 |a MARS 
999 f f |s bef05adf-8970-34e5-aa3b-dbd5317ba406  |i 8b99abfa-e2a2-3ae9-ad2b-cf913be22aaa  |t 0 
952 f f |p ric  |a Texas A&M University  |b Rellis Campus  |c Joint Library Facility  |d Remote Storage  |t 0  |e PS3527.E5 J6  |h Library of Congress classification  |i unmediated -- volume  |m A14801264997 
998 f f |a PS3527.E5 J6  |t 0  |l Remote Storage